000 00854nam a22002537a 4500
999 _c19607
_d19607
003 AR-CdUCM
008 190518b ||||| |||| 00| 0 spa d
040 _aMUNICIPALIDAD PROVINCIAL DEL CUSCO
_cBIBLIOTECA MUNICIPAL DEL CUSCO
082 _a370.4 /
_bL26
_23ed
100 _aLarroyo, Francisco
_935578
245 _aFundamentos de la educación /
260 _aArgentina,
_bEudeba.
_c1971.
300 _a413 páginas ;
_c23 m.
505 _aContenido: Los hechos educativos -- El educando, unidad funcional de la vida -- Dirección del aprendizaje...
650 _aEducación
_9460
650 _aAprendizaje
_92143
650 _aOrganización
_94866
700 _aFilho, Lourenco
_940967
700 _aMantovani, Juan
_9125
700 _aDottrens, Robert
_911837
700 _aTirano Benedi, Domingo
_941046
942 _2ddc
_cLIBROS
945 _arcc